000 00544nam a2200193Ia 4500
005 20250423100239.0
008 250422s9999 xx 000 0 und d
020 _a9780240806259
050 _aTK 7881.4 .H83/
100 _aHuber, David Miles
245 0 _aModern recording techniques
250 _a6th ed.
260 _aNew York
260 _bElsevier
260 _c2021
300 _a652 p
650 _aSound--Recording and reproducing. Magnetic recorders and recording. Digital audiotape recorders and recording.
942 _cBK
999 _c32727
_d32727